Statistics for Top 5 Richest Countries in South America

Click here to take the quiz!

General Stats

  • This quiz has been taken 293 times
    (211 since last reset)
  • The average score is 4 of 5

Answer Stats

RankGDPAnswer% Correct
1$18,700Chile
100%
2$18,400Argentina
91%
3$16,200Uruguay
78%
4$13,800Venezuela
60%
5$12,600Suriname
45%

Score Distribution

Percentile by Number Answered

Percent of People with Each Score

Your Score History

You have not taken this quiz since the last reset